| Поле | Инд. | ПП | Название | Значение |
|---|---|---|---|---|
| Тип записи | a | |||
| Библиографический уровень | m | |||
| 001 | Контрольный номер | RU/LIBMSTU/406639198 | ||
| 005 | Дата корректировки | 20180303111820.4 | ||
| 008 | Кодируемые данные | 121127|||||||||ru |||||||||||000|||rus|| | ||
| 020 | a | ISBN | 978-5995-50077-3 | |
| 040 | b | Код языка каталог. | rus | |
| 041 | 0_ | a | Код языка текста | rus |
| 084 | a | Индекс другой классификации/Индекс ББК | 63.3(2)6 | |
| 090 | a | Полочн. индекс | 63.3(2)6 | |
| x | Авторский знак | М 92 | ||
| 100 | 1_ | a | Автор | Мухин Ю. И. |
| 245 | 10 | a | Заглавие | СССР - потерянный рай |
| 260 | a | Место издания | Москва | |
| b | Издательство | Яуза-Пресс | ||
| c | Дата издания | 2009 | ||
| 300 | a | Объем | 540, [2] с. | |
| 440 | _0 | a | Серия | Подлинная история |
| 440 | _0 | a | Серия | СССР |
| 440 | _0 | a | Серия | Светлое прошлое |
| 650 | 04 | a | Основная рубрика | СССР-История |
| 653 | 0_ | a | Ключевые слова | История СССР; Реформы СССР; Советская цивилизация; Эпоха СССР |
| 901 | t | Тип документа | m |